| Tag |
First Indicator |
Second Indicator |
Subfields |
| LEADER |
00000cgm a2200000Ma 4500 |
| 001 |
in00005554821 |
| 006 |
m o c |
| 007 |
cr |na---||a|a |
| 007 |
vz |zazu| |
| 008 |
140221s2008 fr 090 g o vlfre d |
| 005 |
20241201231437.7 |
| 035 |
|
|
|a (OCoLC)ocn877884675
|
| 040 |
|
|
|a ALSTP
|b eng
|e pn
|c ALSTP
|d OCLCO
|d OCLCQ
|d CUS
|d OCLCO
|d OCLCF
|d OCLCQ
|d OCLCO
|d OCLCQ
|d IAA
|d OCLCA
|d INT
|d OCLCQ
|d YOU
|d WYU
|d OCLCO
|d OCLCL
|
| 019 |
|
|
|a 1065954396
|
| 035 |
|
|
|a (OCoLC)877884675
|z (OCoLC)1065954396
|
| 049 |
|
|
|a TXAM
|
| 100 |
1 |
|
|a Rachmaninoff, Sergei,
|d 1873-1943,
|e composer.
|1 https://id.oclc.org/worldcat/entity/E39PBJh4B9K8VKg4d3CYYbGvHC
|
| 240 |
1 |
0 |
|a Suites,
|m pianos (2),
|n no. 2, op. 17
|
| 245 |
1 |
0 |
|a Suite.
|n No. 2 /
|c Sergey Vasil'yevich Rachmaninov.
|
| 260 |
|
|
|a Lyon, France :
|b CLC Productions,
|c 2008.
|
| 300 |
|
|
|a 1 online resource (90 min.).
|
| 306 |
|
|
|a 013000
|
| 336 |
|
|
|a two-dimensional moving image
|b tdi
|2 rdacontent
|
| 337 |
|
|
|a computer
|b c
|2 rdamedia
|
| 338 |
|
|
|a online resource
|b cr
|2 rdacarrier
|
| 344 |
|
|
|a digital
|2 rda
|
| 347 |
|
|
|a streaming video file
|2 rda
|
| 380 |
|
|
|a Videorecording
|
| 490 |
0 |
|
|a Classical Music in Video
|
| 500 |
|
|
|a Title from resource description page (viewed Feb. 21, 2014).
|
| 518 |
|
|
|o Recorded
|d June 30, 2005.
|
| 520 |
|
|
|a Martha Argerich and Akiko Ebi perform Rachmaninoff's Suite no. 2. Directed by Francois Goelghebeur.
|
| 650 |
|
0 |
|a Piano music (Pianos (2))
|
| 650 |
|
6 |
|a Piano, Musique de (Pianos (2))
|
| 650 |
|
7 |
|a Piano music (Pianos (2))
|2 fast
|0 (OCoLC)fst01063437
|
| 655 |
|
4 |
|a Streaming videos.
|
| 655 |
|
7 |
|a Filmed performances.
|2 fast
|0 (OCoLC)fst01726178
|
| 655 |
|
7 |
|a Nonfiction films.
|2 fast
|0 (OCoLC)fst01710269
|
| 655 |
|
7 |
|a Filmed performances.
|2 lcgft
|
| 655 |
|
7 |
|a Nonfiction films.
|2 lcgft
|
| 655 |
|
7 |
|a Spectacles filmés.
|2 rvmgf
|
| 655 |
|
7 |
|a Films autres que de fiction.
|2 rvmgf
|
| 700 |
1 |
|
|a Argerich, Martha,
|d 1941-
|e performer.
|4 prf
|1 https://id.oclc.org/worldcat/entity/E39PBJmtCKMBYxkWKKjhCYpF8C
|
| 700 |
1 |
|
|a Ebi, Akiko,
|e performer.
|
| 700 |
1 |
|
|a Charrier, Daniel,
|e producer.
|4 pro
|
| 700 |
1 |
|
|a Goelghebeur, François,
|e director.
|4 drt
|
| 758 |
|
|
|i has work:
|a no. 2, op. 17 No. 2 Suites (MovingImage)
|1 https://id.oclc.org/worldcat/entity/E39PCFDB8HcMqDYJrk7G4YRKYd
|4 https://id.oclc.org/worldcat/ontology/hasWork
|
| 773 |
0 |
|
|t Martha Argerich, Akiko Ebi, Pianos
|
| 856 |
4 |
0 |
|u http://proxy.library.tamu.edu/login?url=https://www.aspresolver.com/aspresolver.asp?AVN2;2131526
|z Connect to this streaming video (Alexander Street Press)
|t 0
|
| 955 |
|
|
|a Alexander Street Press subscription streaming video
|
| 994 |
|
|
|a 92
|b TXA
|
| 999 |
f |
f |
|s 44ff9391-f5b6-4142-acc8-cbf171e60d3a
|i 4b058723-d886-4c38-97a2-f936c1486b60
|t 0
|
| 952 |
f |
f |
|a Texas A&M University
|b College Station
|c Electronic Resources
|d Available Online
|t 0
|h Library of Congress classification
|
| 998 |
f |
f |
|t 0
|l Available Online
|